On the agricultural community of the middle ages : and inclosures of the sixteenth century in England /

Bibliographic Details
Main Author: Nasse, Erwin, 1829-1890
Corporate Author: Cobden Club (London, England)
Other Authors: Ouvry, Henry Aime, 1813-1899
Format: Book
Language:English
Published: London : Macmillan and co., 1871.
Subjects:

MARC

Tag First Indicator Second Indicator Subfields
LEADER 00000cam a2200000 4500
001 in00000064611
005 20151007083343.0
008 780921s1871 enk 00010 eng
010 |a  07039455  
035 |a (OCoLC)04242999 
035 |9 AAF9235AM 
040 |a DLC  |c KSU  |d OCL  |d TXA  |d UtOrBLW 
049 |a TXAM  |c [208412] 
050 0 |a HD1289.G7  |b N2 
092 |a 333.2  |b N267o 
100 1 |a Nasse, Erwin,  |d 1829-1890. 
245 1 0 |a On the agricultural community of the middle ages :  |b and inclosures of the sixteenth century in England /  |c Tr. from the German of E. Nasse, by Colonel H. A. Ouvry. 
264 1 |a London :  |b Macmillan and co.,  |c 1871. 
300 |a 2 pages ., 100 pages ;  |c 23 cm. 
336 |a text  |b txt  |2 rdacontent 
337 |a unmediated  |b n  |2 rdamedia 
338 |a volume  |b nc  |2 rdacarrier 
500 |a Published under the sanction of the Cobden club. 
650 0 |a Village communities  |z Great Britain. 
650 0 |a Land tenure  |z Great Britain  |x History. 
700 1 |a Ouvry, Henry Aime,  |d 1813-1899. 
710 2 |a Cobden Club (London, England) 
999 |a MARS 
999 f f |s 059f1e20-834d-343e-8a41-95792ca1f26c  |i a4896b6f-4bdf-33ae-9a3d-7bac0058b82e  |t 0 
952 f f |p ric  |a Texas A&M University  |b Rellis Campus  |c Joint Library Facility  |d Remote Storage  |t 0  |e HD1289.G7 N2  |h Library of Congress classification  |i unmediated -- volume  |m A14800739711 
998 f f |a HD1289.G7 N2  |t 0  |l Remote Storage